000 00891nac a22002411u 4500
008 100906t xxu||||| |||| 00| 0 eng d
020 _a0201633469 (v. 1)
020 _a020163354X (v. 2)
020 _a0201634953 (v. 3)
020 _a8178081652
082 0 0 _a004.62
_bS8441
100 1 _aStevens, W. Richard
_918249
245 1 0 _aTCP/IP illustrated /
_cW. Richard Stevens.
260 _aNew Delhi :
_bPearson Education,
_c[2000].
300 _aVol. 2
_bill. ;
_c25 cm.
500 _aVol. 2 by W. Richard Stevens, Gary R. Wright.
500 _aIncludes index.
504 _aIncludes bibliographical references and indexes.
505 0 _av. 1. The protocols -- v. 2. The implementation -- v. 3. TCP for transactions, HTTP, NNTP, and the UNIX domain protocols.
650 0 _aTCP/IP (Computer network protocol)
_918250
700 1 _aWright, Gary R.
_918251
942 _cBB
_k004.62S8441
_2ddc
999 _c552
_d552